• 首页
  • 本馆介绍
  • 公告通知
  • 最新文献
  • 馆藏检索
  • 电子资源
  • 读者导购
  • 参考咨询
  • 我的图书馆
  • 登录
  • 详细信息显示
  • 放入我的书架
  • 预约/预借图书
  • 作者相关作品
  • 分类相关作品
  • 丛书相关作品
  • 出版社相关作品

书目信息

  • 表格格式
  • 工作单格式
  • 卡片格式
题名:
临床营养学
    
 
作者: 蔡东联 主编
分册:  
出版信息: 北京   人民卫生出版社  2007.8
页数: 228页
开本: 26cm
丛书名:
单 册:
中图分类: R459.3
科图分类:
主题词: 临床营养--营养学--医学院校--教材 , 临床营养
电子资源:
ISBN: 978-7-117-09145-9
000 00912nam0 2200253 45
001 1354541358
005 20130510093942.31
010    @a978-7-117-09145-9@dCNY23.00
100    @a20130108d2007 em y0chiy0110 ea
101 0  @achi
102    @aCN@b110000
105    @ay z 000yy
106    @ar
200 1  @a临床营养学@ALin Chuang Ying Yang Xue@f蔡东联主编@FCai Dong Lian Zhu Bian
210    @a北京@c人民卫生出版社@d2007.8
215    @a228页@d26cm
300    @a全国高等学校医学成人学历教育(专科)教材 供护理学专业用
330    @a本书共设十八章,包括营养学概论、营养学基础和常见疾病患者的营养等内容。具体有营养学基础、医院基本饮食、治疗及试验代谢饮食、肠内与肠外营养治疗、饮食与药物相互作用等章节。
606 0  @a临床营养@x营养学@x医学院校@j教材
606 0  @a临床营养
690    @aR459.3@v5
701  0 @a蔡东联@ACai Dong Lian@4主编
801    @aCN@bTANGWEI@c20130109
905    @b0830749-51@dR459.3@e84@f3
    
    临床营养学/蔡东联主编.-北京:人民卫生出版社,2007.8
    228页;26cm
    全国高等学校医学成人学历教育(专科)教材 供护理学专业用
    
    ISBN 978-7-117-09145-9:CNY23.00
    本书共设十八章,包括营养学概论、营养学基础和常见疾病患者的营养等内容。具体有营养学基础、医院基本饮食、治疗及试验代谢饮食、肠内与肠外营养治疗、饮食与药物相互作用等章节。
●
相关链接 在E读中查询图书 在五车中查询图书 在当当中查询图书 在豆瓣中查询图书


正题名:临床营养学     索取号:R459.3/84         预约/预借

序号 登录号 条形码 馆藏地/架位号 状态 备注
1 0830749   208307492   第二样本阅览室/ [索取号:R459.3/84] 在馆    
2 0830750   208307508   第三借阅区/ [索取号:R459.3/84] 在馆    
3 0830751   208307517   第三借阅区/ [索取号:R459.3/84] 在馆    
唐山师范学院图书馆 欢迎您!
大连网信软件有限公司© 版权所有